LIBRARY ONLINE CATALOGUE

Nation business directoy. (Record no. 15074)

MARC details
000 -LEADER
fixed length control field 00821nam a22002412 4500
001 - CONTROL NUMBER
control field 0000009062
005 - DATE AND TIME OF LATEST TRANSACTION
control field 20151217161139.0
008 - FIXED-LENGTH DATA ELEMENTS--GENERAL INFORMATION
fixed length control field 080806s xx 000 0 eng d
020 ## - INTERNATIONAL STANDARD BOOK NUMBER
Terms of availability Donation
040 ## - CATALOGING SOURCE
Original cataloging agency KABU
Transcribing agency KABU
245 10 - TITLE STATEMENT
Title Nation business directoy.
260 ## - PUBLICATION, DISTRIBUTION, ETC. (IMPRINT)
Place of publication, distribution, etc. Nairobi :
Name of publisher, distributor, etc. Nation Marketing & Publishing.
300 ## - PHYSICAL DESCRIPTION
Extent Annual.
500 ## - GENERAL NOTE
General note Library has: 2003, 2005, 2006, 2007.
650 #0 - SUBJECT ADDED ENTRY--TOPICAL TERM
Topical term or geographic name as entry element Business
Form subdivision Directories.
-- 0000151384
908 ## - PUT COMMAND PARAMETER (RLIN)
Put command parameter 080806
950 ## - LOCAL HOLDINGS (RLIN)
-- 1
Holdings
Withdrawn status Lost status Source of classification or shelving scheme Not for loan Home library Current library Date acquired Total Checkouts Full call number Barcode Date last seen Price effective from Koha item type
    Library of Congress Classification Not For Loan Kabarak, Main Campus Kabarak, Main Campus 17/12/2015   HF5277 .A3N38 2003 c. 1 010650 17/12/2015 17/12/2015 Reference
    Library of Congress Classification Not For Loan Kabarak, Main Campus Kabarak, Main Campus 17/12/2015   HF5277 .A3N38 2005 c. 1 010080 17/12/2015 17/12/2015 Reference
    Library of Congress Classification Not For Loan Kabarak, Main Campus Kabarak, Main Campus 17/12/2015   HF5277 .A3N38 2006 c. 1 012553 17/12/2015 17/12/2015 Reference
    Library of Congress Classification Not For Loan Kabarak, Main Campus Kabarak, Main Campus 17/12/2015   HF5277 .A3N38 2007 c. 1 010083 17/12/2015 17/12/2015 Reference
    Library of Congress Classification Not For Loan Kabarak, Main Campus Kabarak, Main Campus 17/12/2015   HF5277 .A3N38 2007 c. 2 010084 17/12/2015 17/12/2015 Reference